東京都市町村部の鉄道駅 - Statistics

General Stats
  • This quiz has been taken 504 times
  • The average score is 134 of 197
Answer Stats
Hint Answer % Correct
JR中央線 JC19 立川
99%
JR中央東線 立川
99%
JR青梅線 (JC19) 立川
99%
JR南武線 JN26 立川
99%
JR中央線 JC12 三鷹
97%
JR中央線 JC16 国分寺
97%
JR中央線 JC22 八王子
97%
JR中央・総武線 JB01 三鷹
97%
JR中央東線 八王子
97%
JR八高線 八王子
97%
JR横浜線 JH32 八王子
97%
西武国分寺線 SK01 国分寺
97%
西武多摩湖線 ST01 国分寺
97%
JR中央線 JC24 高尾
96%
JR中央東線 高尾
96%
京王高尾線 KO52 高尾
96%
JR中央線 JC11 吉祥寺
95%
JR中央線 JC18 国立
95%
JR中央・総武線 JB02 吉祥寺
95%
京王井の頭線 IN17 吉祥寺
95%
JR中央線 JC15 武蔵小金井
94%
JR中央線 JC17 西国分寺
94%
JR青梅線 JC62 青梅
94%
JR武蔵野線 JM33 西国分寺
94%
京王本線 KO24 府中
94%
JR中央線 JC23 西八王子
93%
JR中央東線 西八王子
93%
JR中央線 JC13 武蔵境
92%
JR中央線 JC20 日野
92%
JR中央東線 日野
92%
JR青梅線 JC55 拝島
92%
JR五日市線 (JC55) 拝島
92%
JR八高線 拝島
92%
西武拝島線 SS36 拝島
92%
西武多摩川線 SW01 武蔵境
92%
JR中央線 JC21 豊田
90%
JR中央東線 豊田
90%
JR武蔵野線 JM35 府中本町
90%
JR南武線 JN20 府中本町
90%
JR中央線 JC14 東小金井
89%
JR横浜線 JH23 町田
89%
小田急小田原線 OH27 町田
89%
JR青梅線 JC74 奥多摩
88%
JR五日市線 JC86 武蔵五日市
87%
京王本線 KO18 調布
87%
京王相模原線 (KO18) 調布
87%
京王高尾線 KO53 高尾山口
86%
JR青梅線 JC57 福生
84%
JR青梅線 JC51 西立川
83%
JR青梅線 JC54 昭島
80%
JR武蔵野線 JM31 新秋津
80%
京王本線 KO34 京王八王子
80%
JR武蔵野線 JM32 新小平
79%
JR南武線 JN21 分倍河原
79%
京王本線 KO25 分倍河原
79%
京王相模原線 KO38 稲城
79%
京王相模原線 KO41 京王多摩センター
79%
西武新宿線 SS21 東村山
79%
西武国分寺線 SK05 東村山
79%
西武西武園線 (SK05) 東村山
79%
JR横浜線 JH30 八王子みなみ野
78%
JR青梅線 JC61 東青梅
77%
京王本線 KO29 高幡不動
76%
京王動物園線 (KO29) 高幡不動
76%
京王井の頭線 IN16 井の頭公園
76%
西武新宿線 SS17 田無
76%
多摩モノレール TT07 高幡不動
76%
多摩モノレール TT11 立川南
76%
JR青梅線 JC58 羽村
75%
JR八高線 北八王子
75%
京王本線 KO33 北野
75%
京王動物園線 KO47 多摩動物公園
75%
京王高尾線 (KO33) 北野
75%
多摩モノレール TT05 多摩動物公園
75%
多摩モノレール TT12 立川北
75%
JR武蔵野線 JM34 北府中
74%
京王本線 KO23 東府中
74%
京王競馬場線 (KO23) 東府中
74%
西武新宿線 SS19 小平
74%
西武拝島線 (SS19) 小平
74%
西武多摩湖線 ST07 多摩湖
74%
西武山口線 SY01 多摩湖
74%
小田急多摩線 OT06 小田急多摩センター
73%
多摩モノレール TT01 多摩センター
73%
小田急小田原線 OH16 狛江
72%
京王本線 KO27 聖蹟桜ヶ丘
72%
西武西武園線 SK06 西武園
72%
西武多摩川線 SW06 是政
72%
JR青梅線 JC60 河辺
70%
JR青梅線 JC69 御嶽
70%
小田急多摩線 OT07 唐木田
70%
JR五日市線 JC83 秋川
69%
JR横浜線 JH31 片倉
69%
東急田園都市線 DT25 南町田グランベリーパーク
69%
京王競馬場線 KO46 府中競馬正門前
69%
西武池袋線 SI15 清瀬
69%
西武多摩川線 SW03 多磨
69%
JR南武線 JN18 稲城長沼
68%
JR南武線 JN23 谷保
68%
JR南武線 JN25 西国立
68%
西武池袋線 SI12 保谷
68%
西武池袋線 SI16 秋津
68%
JR青梅線 JC67 軍畑
67%
JR南武線 JN22 西府
67%
西武池袋線 SI14 東久留米
67%
JR青梅線 JC53 中神
66%
京王相模原線 KO40 京王永山
66%
京王相模原線 KO43 南大沢
66%
西武拝島線 SS33 玉川上水
66%
多摩モノレール TT17 玉川上水
66%
JR青梅線 JC52 東中神
65%
JR五日市線 JC82 東秋留
65%
JR八高線 東福生
65%
JR八高線 箱根ケ崎
65%
JR青梅線 JC73 白丸
64%
京王本線 KO16 国領
63%
小田急多摩線 OT05 小田急永山
62%
京王本線 KO20 飛田給
62%
西武池袋線 SI13 ひばりヶ丘
62%
西武新宿線 SS18 花小金井
62%
JR横浜線 JH29 相原
61%
京王本線 KO17 布田
61%
京王井の頭線 IN15 三鷹台
61%
京王本線 KO19 西調布
60%
京王高尾線 KO50 めじろ台
60%
JR南武線 JN19 南多摩
59%
京王高尾線 KO48 京王片倉
59%
西武国分寺線 SK02 恋ヶ窪
59%
京王本線 KO22 多磨霊園
58%
京王高尾線 KO49 山田
58%
JR八高線 小宮
57%
京王相模原線 KO44 多摩境
57%
西武拝島線 SS31 小川
57%
西武拝島線 SS35 西武立川
57%
西武国分寺線 SK04 小川
57%
多摩モノレール TT19 上北台
57%
JR五日市線 JC84 武蔵引田
56%
京王本線 KO14 つつじヶ丘
56%
京王本線 KO15 柴崎
56%
京王相模原線 KO37 京王よみうりランド
56%
西武多摩湖線 ST02 一橋学園
56%
JR青梅線 JC72 鳩ノ巣
55%
JR五日市線 JC85 武蔵増戸
55%
京王相模原線 KO35 京王多摩川
55%
小田急小田原線 OH17 和泉多摩川
54%
京王本線 KO13 仙川
54%
京王本線 KO31 平山城址公園
54%
西武拝島線 SS30 萩山
54%
西武多摩湖線 ST04 萩山
54%
JR青梅線 JC59 小作
53%
JR南武線 JN24 矢川
53%
JR横浜線 JH22 成瀬
53%
小田急小田原線 OH25 鶴川
53%
西武拝島線 SS32 東大和市
53%
西武多摩川線 SW04 白糸台
53%
多摩モノレール TT04 中央大学・明星大学
53%
JR青梅線 JC64 日向和田
52%
小田急小田原線 OH26 玉川学園前
52%
京王本線 KO28 百草園
52%
西武多摩川線 SW02 新小金井
52%
JR青梅線 JC56 牛浜
51%
西武多摩川線 SW05 競艇場前
51%
京王本線 KO26 中河原
50%
西武多摩湖線 ST03 青梅街道
50%
JR五日市線 JC81 熊川
49%
京王本線 KO21 武蔵野台
48%
西武新宿線 SS15 東伏見
48%
東急田園都市線 DT24 すずかけ台
47%
京王高尾線 KO51 狭間
47%
多摩モノレール TT14 立飛
47%
JR南武線 JN17 矢野口
46%
東急田園都市線 DT23 つくし野
46%
京王相模原線 KO42 京王堀之内
46%
西武新宿線 SS20 久米川
46%
京王本線 KO32 長沼
45%
西武拝島線 SS34 武蔵砂川
45%
JR青梅線 JC68 沢井
44%
JR青梅線 JC70 川井
43%
西武新宿線 SS16 西武柳沢
43%
多摩モノレール TT06 程久保
43%
西武多摩湖線 ST06 武蔵大和
42%
JR青梅線 JC66 二俣尾
41%
JR青梅線 JC71 古里
41%
西武国分寺線 SK03 鷹の台
40%
多摩モノレール TT10 柴崎体育館
40%
JR青梅線 JC63 宮ノ平
39%
JR青梅線 JC65 石神前
39%
京王本線 KO30 南平
39%
多摩モノレール TT03 大塚・帝京大学
39%
多摩モノレール TT13 高松
39%
西武多摩湖線 ST05 八坂
36%
多摩モノレール TT16 砂川七番
34%
多摩モノレール TT09 甲州街道
32%
多摩モノレール TT02 松が谷
29%
多摩モノレール TT18 桜街道
28%
多摩モノレール TT08 万願寺
27%
多摩モノレール TT15 泉体育館
26%
No matching quizzes found
Score Distribution
Percent of People with Each Score
Percentile by Number Answered
Your Score History
You have not taken this quiz